[Event "4NCL Division 4 South"]
[Site "Daventry, ENG"]
[Date "2018.11.18"]
[Round "2.51"]
[White "Nelson, Omowale"]
[Black "Adebajo, Olufemi"]
[Result "1-0"]
[WhiteElo "2027"]
[BlackElo "1921"]
[PlyCount "193"]
[EventDate "2018.11.18"]
[WhiteTeam "Watford 1"]
[BlackTeam "MK Phoenix 2"]

1. d4 Nf6 2. c4 g6 3. Nc3 Bg7 4. e4 d6 5. Nf3 O-O 6. h3 e5 7. d5 a5 8. Be3 Na6
9. g4 c6 10. Be2 cxd5 11. cxd5 Bd7 12. Nd2 Rc8 13. Nc4 Be8 14. Bb6 Qe7 15. Bxa5
b5 16. Nd2 Rxc3 17. Bxc3 Nc5 18. Qb1 Bh6 19. Bf3 Nfd7 20. b4 Na4 21. Qd3 Ndb6
22. Nb3 Nxc3 23. Qxc3 Na4 24. Qd3 Bd7 25. Na5 Rb8 26. Nc6 Bxc6 27. dxc6 d5 28.
exd5 Qxb4+ 29. Kf1 Nc5 30. Qc2 e4 31. Be2 Bf4 32. Kg2 Bd6 33. Rhd1 Qa5 34. Rab1
Qd8 35. Qc3 Qg5 36. Qe3 Qe5 37. Qg3 Qe7 38. Qe3 Qe5 39. Qg3 Qe7 40. Qc3 Na4 41.
Qd4 b4 42. Rb3 Nc3 43. Rxc3 bxc3 44. Qxc3 Ra8 45. Bc4 Qg5 46. Qe3 Qe5 47. Re1
f5 48. Kf1 Bb4 49. d6+ Kg7 50. d7 Bxe1 51. Kxe1 f4 52. Qc1 e3 53. fxe3 fxe3 54.
Ke2 Qh2+ 55. Kxe3 Qxh3+ 56. Kd2 Qg2+ 57. Kd3 Qxc6 58. Qb2+ Kh6 59. Qh2+ Kg7 60.
Qe5+ Qf6 61. Qe8 Rd8 62. Bb5 Qd6+ 63. Kc4 Qf4+ 64. Kc5 Qc7+ 65. Kb4 Qd6+ 66.
Kc4 Qc7+ 67. Kd5 Kf6 68. a4 Rb8 69. Qe6+ Kg7 70. Qe7+ Kh6 71. Ke6 Rb6+ 72. Kf7
Qf4+ 73. Kg8 Rb8+ 74. d8=Q Rxd8+ 75. Qxd8 Qxg4 76. Qf8+ Kg5 77. Kxh7 Qh3+ 78.
Kg7 Qc3+ 79. Kf7 Qf3+ 80. Ke7 Qe4+ 81. Kd7 Qb7+ 82. Kd6 Qb6+ 83. Kd5 Qb7+ 84.
Kd4 Kh5 85. Qh8+ Kg4 86. Be2+ Kg5 87. Qe5+ Kh6 88. a5 Qb2+ 89. Kd5 Qb7+ 90. Kc5
Qa7+ 91. Kb4 Qb7+ 92. Bb5 Qg2 93. a6 Qd2+ 94. Kc5 Qf2+ 95. Kc6 Qa7 96. Qh2+ Kg5
97. Qc7 1-0

[Event "4NCL Division 4 South"]
[Site "Daventry, ENG"]
[Date "2018.11.18"]
[Round "2.52"]
[White "Meichel, Eric B"]
[Black "Karamazondo, Ernest"]
[Result "0-1"]
[WhiteElo "1937"]
[BlackElo "1930"]
[PlyCount "62"]
[EventDate "2018.11.18"]
[WhiteTeam "MK Phoenix 2"]
[BlackTeam "Watford 1"]

1. d4 Nf6 2. c4 e5 3. dxe5 Ng4 4. Nf3 Bc5 5. e3 Nc6 6. Be2 Ngxe5 7. O-O O-O 8.
Nc3 Nxf3+ 9. Bxf3 Ne5 10. Be2 Re8 11. b3 a5 12. Bb2 Ra6 13. Qd5 Ba7 14. Ne4 Qe7
15. Ng3 Re6 16. Qxa5 Bb6 17. Qc3 Rg6 18. Bh5 Rg5 19. f4 Ba5 20. Qd4 Bb6 21. Qe4
d5 22. cxd5 Rxh5 23. Nxh5 Qh4 24. Ng3 f5 25. Nxf5 Bxf5 26. Qxe5 Rxe5 27. Bxe5
Bxe3+ 28. Kh1 Be4 29. Rae1 Qg4 30. Rg1 Bxg1 31. Rxg1 h5 0-1

[Event "4NCL Division 4 South"]
[Site "Daventry, ENG"]
[Date "2018.11.18"]
[Round "2.53"]
[White "Lancaster, Roger"]
[Black "Williamson, Kevin J"]
[Result "1/2-1/2"]
[WhiteElo "1960"]
[BlackElo "1873"]
[PlyCount "42"]
[EventDate "2018.11.18"]
[WhiteTeam "Watford 1"]
[BlackTeam "MK Phoenix 2"]

1. e4 e5 2. Nf3 d6 3. Bc4 Be6 4. d3 Nf6 5. Nc3 Be7 6. Be3 O-O 7. Qe2 Nc6 8. Nd5
Bxd5 9. Bxd5 Nxd5 10. exd5 Nb8 11. h4 Nd7 12. c4 c6 13. dxc6 bxc6 14. O-O-O Qa5
15. Kb1 Rab8 16. Bc1 Rb7 17. Rd2 f5 18. Rc2 Nc5 19. Ng5 Bxg5 20. hxg5 g6 21.
Rh3 Ne6 1/2-1/2

[Event "4NCL Division 4 South"]
[Site "Daventry, ENG"]
[Date "2018.11.18"]
[Round "2.54"]
[White "Obi, Marc On"]
[Black "Dunlop, Neil J"]
[Result "1-0"]
[WhiteElo "1826"]
[BlackElo "1900"]
[PlyCount "103"]
[EventDate "2018.11.18"]
[WhiteTeam "MK Phoenix 2"]
[BlackTeam "Watford 1"]

1. d4 f5 2. Bg5 Nf6 3. Bxf6 exf6 4. c4 Bb4+ 5. Nc3 c6 6. Nf3 d5 7. e3 Be6 8.
Qb3 Qa5 9. Bd3 dxc4 10. Bxc4 Bxc3+ 11. bxc3 Bxc4 12. Qxc4 Qd5 13. Qxd5 cxd5 14.
Rb1 b6 15. Rb5 Ke7 16. Rxd5 Ke6 17. Rb5 Na6 18. Kd2 Rhc8 19. Rc1 Rc4 20. Kd3
Rac8 21. Rc2 Ra4 22. Nd2 g6 23. h4 h5 24. g3 Rc7 25. f3 Rd7 26. e4 fxe4+ 27.
fxe4 Nc5+ 28. Ke3 Nb7 29. Rb4 Ra6 30. a4 Nd6 31. Nc4 Rc7 32. Nxd6 Kxd6 33. c4
Ra5 34. Kd3 g5 35. Rf2 Ke7 36. Rf5 Rxf5 37. exf5 g4 38. Rb5 Kd7 39. a5 Rc6 40.
axb6 axb6 41. Rd5+ Ke7 42. Kc3 Rc8 43. Rb5 Rc6 44. Kb4 Rd6 45. Kc3 Kd7 46. Rb3
Rc6 47. d5 Rd6 48. Kb4 Kc7 49. Ra3 Kb7 50. Re3 Rd7 51. Re6 Rf7 52. Kb5 1-0

[Event "4NCL Division 4 South"]
[Site "Daventry, ENG"]
[Date "2018.11.18"]
[Round "2.55"]
[White "Papathanasopoulos, Nikolaos"]
[Black "Whiteside, Robert"]
[Result "0-1"]
[WhiteElo "1847"]
[BlackElo "1800"]
[PlyCount "52"]
[EventDate "2018.11.18"]
[WhiteTeam "Watford 1"]
[BlackTeam "MK Phoenix 2"]

1. Nf3 Nf6 2. b3 c5 3. Bb2 e6 4. c4 Nc6 5. e3 Be7 6. Be2 O-O 7. O-O d5 8. cxd5
Nxd5 9. a3 Bf6 10. Qc2 b6 11. d4 Rb8 12. Nbd2 Bb7 13. Rfd1 cxd4 14. Ne4 dxe3
15. Nxf6+ gxf6 16. fxe3 Nxe3 17. Qe4 Nxd1 18. Rxd1 Qe7 19. Qh4 e5 20. Bd3 f5
21. Qg3+ Kh8 22. Nxe5 f6 23. Nxc6 Bxc6 24. Bc4 Rg8 25. Bxg8 Rxg8 26. Qc3 Rxg2+
0-1

[Event "4NCL Division 4 South"]
[Site "Daventry, ENG"]
[Date "2018.11.18"]
[Round "2.56"]
[White "Miller, Max C"]
[Black "Sloan, Cecil"]
[Result "0-1"]
[WhiteElo "1697"]
[BlackElo "1757"]
[PlyCount "104"]
[EventDate "2018.11.18"]
[WhiteTeam "MK Phoenix 2"]
[BlackTeam "Watford 1"]

1. d4 Nf6 2. Nf3 e6 3. e3 c5 4. Bd3 d5 5. b3 b6 6. Nbd2 Bb7 7. Bb2 Be7 8. O-O
O-O 9. Ne5 Nbd7 10. f3 cxd4 11. exd4 Nxe5 12. dxe5 Nd7 13. c4 Nc5 14. Bc2 Qc7
15. Rc1 dxc4 16. Nxc4 Rad8 17. Qe2 Qb8 18. Rfd1 Na6 19. a3 Nc7 20. Ne3 Bc5 21.
b4 Be7 22. Rxd8 Rxd8 23. Bxh7+ Kf8 24. Bd3 Bg5 25. b5 Nd5 26. Nxd5 Bxc1 27.
Bxc1 Rxd5 28. f4 Qd8 29. Bc2 Rc5 30. a4 Qd4+ 31. Kf1 Qc3 32. Qd1 Bd5 33. Qh5
Qxc2 34. Qh8+ Ke7 35. Qh4+ Kd7 36. Be3 Bc4+ 37. Kg1 Qe2 38. h3 Qxe3+ 39. Kh2
Bd5 40. Qg4 Rc2 41. a5 Rxg2+ 42. Qxg2 Bxg2 43. Kxg2 bxa5 44. b6 axb6 45. h4 a4
46. h5 a3 47. h6 gxh6 48. f5 a2 49. fxe6+ Kxe6 50. Kh2 a1=Q 51. Kg2 Qb2+ 52.
Kf1 Qec1# 0-1

[Event "4NCL Division 4 South"]
[Site "Daventry, ENG"]
[Date "2018.11.18"]
[Round "2.61"]
[White "Clark, Ian C"]
[Black "Homolka, Vincent"]
[Result "1/2-1/2"]
[WhiteElo "1974"]
[BlackElo "1773"]
[PlyCount "54"]
[EventDate "2018.11.18"]
[WhiteTeam "Wessex B"]
[BlackTeam "CSC 3"]

1. e4 d5 2. exd5 Qxd5 3. Nc3 Qa5 4. d4 Nf6 5. Bc4 c6 6. Nf3 Bf5 7. O-O e6 8.
Bd2 Nbd7 9. Nd5 Qd8 10. Ne3 Bg6 11. Bb3 Be7 12. Nc4 O-O 13. Re1 c5 14. Nce5
cxd4 15. Nxg6 hxg6 16. Nxd4 Nc5 17. c3 Nxb3 18. Qxb3 Qd5 19. Rad1 Qxb3 20. Nxb3
Rfd8 21. Be3 Nd5 22. Bd4 b6 23. g3 Rd7 24. Rd2 Rad8 25. Red1 Bf6 26. f4 Bxd4+
27. Rxd4 Kf8 1/2-1/2

[Event "4NCL Division 4 South"]
[Site "Daventry, ENG"]
[Date "2018.11.18"]
[Round "2.62"]
[White "Cooke, Charlie"]
[Black "De Coverly, Roger D"]
[Result "0-1"]
[WhiteElo "1772"]
[BlackElo "1946"]
[PlyCount "63"]
[EventDate "2018.11.18"]
[WhiteTeam "CSC 3"]
[BlackTeam "Wessex B"]

1. d4 Nf6 2. c4 e6 3. Nc3 d5 4. e3 Bb4 5. Bd2 O-O 6. Nf3 c5 7. dxc5 Bxc5 8.
cxd5 exd5 9. Be2 Nc6 10. O-O Re8 11. a3 a6 12. Qc2 Bf8 13. Rfd1 g6 14. Be1 Bf5
15. Bd3 Be6 16. Rac1 Rc8 17. Qb1 Qe7 18. Be2 Bg7 19. h3 Red8 20. Bd3 Nd7 21.
Ne2 Nce5 22. Nxe5 Nxe5 23. Bc2 Nc4 24. Bc3 Bxc3 25. Nxc3 Nxa3 26. Nxd5 Bxd5 27.
bxa3 Qxa3 28. e4 Be6 29. Kh2 b5 30. Rxd8+ Rxd8 31. Bd1 b4 32. f4 0-1

[Event "4NCL Division 4 South"]
[Site "Daventry, ENG"]
[Date "2018.11.18"]
[Round "2.63"]
[White "Pentakota, Rajasekhar"]
[Black "Grey, Nicholas D"]
[Result "1-0"]
[WhiteElo "1937"]
[BlackElo "1718"]
[PlyCount "71"]
[EventDate "2018.11.18"]
[WhiteTeam "Wessex B"]
[BlackTeam "CSC 3"]

1. d4 Nf6 2. c4 c5 3. d5 b5 4. cxb5 a6 5. bxa6 Bxa6 6. g3 d6 7. Bg2 g6 8. Nf3
Bg7 9. O-O Nbd7 10. Nc3 O-O 11. Re1 Qc7 12. Bf4 Ng4 13. Rb1 Rfb8 14. Qc2 Rb4
15. h3 Nge5 16. a3 Rb7 17. b3 Rab8 18. Bg5 Nb6 19. Nd2 h6 20. Be3 f5 21. f4
Ned7 22. Nf1 Bd4 23. Rbd1 Rc8 24. Bf2 Bxf2+ 25. Kxf2 Nf6 26. Nd2 Qd7 27. e4 e6
28. dxe6 Qg7 29. e5 dxe5 30. Bxb7 Bxb7 31. fxe5 Nh5 32. Nc4 Nxc4 33. bxc4 Be4
34. Nxe4 Qxe5 35. Nf6+ Qxf6 36. e7 1-0

[Event "4NCL Division 4 South"]
[Site "Daventry, ENG"]
[Date "2018.11.18"]
[Round "2.64"]
[White "Denning, Julie L"]
[Black "Lovell, William Pm"]
[Result "0-1"]
[WhiteElo "1654"]
[BlackElo "1892"]
[PlyCount "90"]
[EventDate "2018.11.18"]
[WhiteTeam "CSC 3"]
[BlackTeam "Wessex B"]

1. d4 d5 2. c4 dxc4 3. Nc3 Nf6 4. e3 e6 5. a3 a6 6. Bxc4 b5 7. Ba2 Bb7 8. f3 c5
9. dxc5 Qxd1+ 10. Nxd1 Bxc5 11. b4 Bb6 12. Ne2 Bd5 13. O-O O-O 14. Bb2 Bxa2 15.
Rxa2 Nd5 16. Bd4 Nc6 17. Bxb6 Nxb6 18. Nb2 Ne5 19. Raa1 Nec4 20. Nxc4 Nxc4 21.
Kf2 Rfd8 22. e4 Nb2 23. Kg1 Rac8 24. Rfc1 g6 25. h3 Kg7 26. Rab1 Nc4 27. Ra1
Rd2 28. Re1 Ne3 29. Nf4 e5 30. Re2 Rcc2 31. Rxd2 Rxd2 32. Nd5 Nxd5 33. exd5
Rxd5 34. Ra2 Rd3 35. Kf2 f5 36. a4 Rb3 37. axb5 axb5 38. Ra7+ Kf6 39. Rxh7 Rxb4
40. Rb7 Rb2+ 41. Kf1 b4 42. Rb6+ Kg5 43. Rb5 Kf4 44. Rb6 Ke3 45. Rxg6 Rb1# 0-1

[Event "4NCL Division 4 South"]
[Site "Daventry, ENG"]
[Date "2018.11.18"]
[Round "2.65"]
[White "Adaway, William"]
[Black "Saidmurodov, Shahjahon"]
[Result "1-0"]
[WhiteElo "1860"]
[BlackElo "1555"]
[PlyCount "139"]
[EventDate "2018.11.18"]
[WhiteTeam "Wessex B"]
[BlackTeam "CSC 3"]

1. e4 c5 2. Nf3 Nc6 3. Bb5 e6 4. O-O Be7 5. c3 a6 6. Ba4 b5 7. Bc2 Nf6 8. a4
Bb7 9. Re1 d6 10. d3 b4 11. Nbd2 a5 12. Nc4 Qc7 13. Bf4 e5 14. Bg5 Nd7 15. Qd2
f6 16. Bh4 g5 17. Bg3 h5 18. h4 O-O-O 19. Ne3 Nb6 20. Bb3 Qd7 21. Nd5 Nxd5 22.
Bxd5 g4 23. Nh2 Rdf8 24. Nf1 f5 25. exf5 Qd8 26. d4 exd4 27. Bxc6 Bxc6 28. cxd4
Rxf5 29. Ne3 Rf7 30. dxc5 dxc5 31. Qxd8+ Rxd8 32. Nc4 Bd5 33. Ne5 Rg7 34. Re3
c4 35. Nxc4 Bc5 36. Re5 Bd4 37. Rxh5 Bxc4 38. Rc1 Bxb2 39. Rxc4+ Kd7 40. Rxa5
Ke8 41. Rxb4 Bc3 42. Re4+ Kf8 43. Rf5+ Kg8 44. Be5 Bxe5 45. Rfxe5 g3 46. fxg3
Rxg3 47. Re8+ Rxe8 48. Rxe8+ Kg7 49. Re4 Kf6 50. Kf2 Rb3 51. g4 Rb2+ 52. Ke3
Rb6 53. Kd4 Rb4+ 54. Kd5 Rb8 55. Kc6 Rc8+ 56. Kb7 Rc2 57. a5 Rb2+ 58. Ka7 Rb1
59. a6 Rb2 60. Rf4+ Kg7 61. Rc4 Kh7 62. Rc7+ Kg8 63. Rb7 Re2 64. Kb6 Re6+ 65.
Ka5 Re1 66. a7 Ra1+ 67. Kb6 Rb1+ 68. Kc6 Rc1+ 69. Kd5 Rc8 70. Rb8 1-0

[Event "4NCL Division 4 South"]
[Site "Daventry, ENG"]
[Date "2018.11.18"]
[Round "2.66"]
[White "Kan, Toby"]
[Black "Deacon, David J"]
[Result "0-1"]
[WhiteElo "1531"]
[BlackElo "1855"]
[PlyCount "110"]
[EventDate "2018.11.18"]
[WhiteTeam "CSC 3"]
[BlackTeam "Wessex B"]

1. e4 c5 2. Nf3 e6 3. d4 cxd4 4. Nxd4 Nf6 5. Nc3 d6 6. Be3 a6 7. Bd3 Be7 8. O-O
O-O 9. Nb3 Nc6 10. f4 Qc7 11. a3 b5 12. Qf3 Bb7 13. Qg3 Rfe8 14. e5 dxe5 15.
fxe5 Qxe5 16. Bf4 $11 Qh5 17. Bg5 Qg4 18. Qxg4 Nxg4 19. Bxe7 Nxe7 20. Na5 Bd5
21. h3 Nf6 22. Nxd5 Nexd5 23. Nb3 Rec8 24. Rfe1 Nf4 25. Be4 Nxe4 26. Rxe4 Nd5
27. c3 Kf8 28. Rd1 Ra7 29. Rh4 h6 30. Re4 Rac7 31. Na5 g6 32. Rf1 Ke7 33. Rd1
Nb6 34. Rh4 h5 35. Rf4 Rd7 36. Rxd7+ Nxd7 37. Kf2 e5 38. Rb4 Nb6 39. Nb3 Rc4
40. Ke3 Nd5+ 41. Kf3 Nxb4 42. axb4 Kd6 43. Ke3 f5 44. Nd2 Rc7 45. Kf3 Ke6 46.
Ke3 g5 47. Kf3 e4+ 48. Ke3 Ke5 49. Nf1 f4+ 50. Ke2 Rd7 51. Nd2 g4 52. hxg4 hxg4
53. Nf1 g3 54. Nd2 Rxd2+ 55. Kxd2 f3 0-1

[Event "4NCL Division 4 South"]
[Site "Daventry, ENG"]
[Date "2018.11.18"]
[Round "2.71"]
[White "Smith, Olivia"]
[Black "Hadi, Justin"]
[Result "1-0"]
[WhiteElo "2132"]
[BlackElo "2015"]
[PlyCount "87"]
[EventDate "2018.11.18"]
[WhiteTeam "Fischer's Catch"]
[BlackTeam "Oxford 3"]

1. e4 c5 2. Nf3 g6 3. g3 Bg7 4. Bg2 Nc6 5. c3 d5 6. exd5 Qxd5 7. O-O Nh6 8. d4
O-O 9. Ne5 Qd6 10. Nxc6 bxc6 11. Bf4 Qf6 12. Be5 Qe6 13. Re1 Qd7 14. Bxg7 Kxg7
15. dxc5 Qc7 16. Qd4+ Kg8 17. Qe4 Be6 18. Qxc6 Qxc6 19. Bxc6 Rac8 20. Bg2 Rxc5
21. Nd2 Rb8 22. Ne4 Rc7 23. b4 Rd8 24. a3 Bc4 25. Rad1 Rdc8 26. Nc5 Nf5 27. Bb7
Re8 28. Bd5 Nd6 29. a4 Rec8 30. a5 Kf8 31. Bf3 Bb5 32. Rd4 Bc6 33. Bxc6 Rxc6
34. c4 R8c7 35. f4 Nf5 36. Rd7 Ke8 37. Rxc7 Rxc7 38. Kf2 Nd6 39. Rc1 Rc8 40.
Ke2 h5 41. Kd3 Rd8 42. Kc3 Nf5 43. b5 h4 44. gxh4 1-0

[Event "4NCL Division 4 South"]
[Site "Daventry, ENG"]
[Date "2018.11.18"]
[Round "2.72"]
[White "Burrows, Nick"]
[Black "Staniforth, Matthew"]
[Result "0-1"]
[WhiteElo "1937"]
[BlackElo "1948"]
[PlyCount "62"]
[EventDate "2018.11.18"]
[WhiteTeam "Oxford 3"]
[BlackTeam "Fischer's Catch"]

1. c4 Nf6 2. Nc3 e6 3. Nf3 d5 4. e3 a6 5. b3 c5 6. cxd5 exd5 7. d4 cxd4 8. Nxd4
Bb4 9. Bb2 Nc6 10. a3 Ba5 11. Be2 O-O 12. O-O Be6 13. Rc1 Qd6 14. Nxc6 bxc6 15.
Qd4 c5 16. Qh4 Rfc8 17. Rfd1 Rab8 18. Na4 Bd8 19. Bd3 h6 20. Bc2 Be7 21. Nc3
Qc7 22. Qg3 Bd6 23. f4 d4 24. Ne2 Bxb3 25. Nxd4 cxd4 26. Bh7+ Kxh7 27. Rxc7
Bxd1 28. Rxf7 Bg4 29. h3 Rxb2 30. Rxf6 gxf6 31. Qxg4 Rxg2+ 0-1

[Event "4NCL Division 4 South"]
[Site "Daventry, ENG"]
[Date "2018.11.18"]
[Round "2.73"]
[White "Rathbone-Jones, Ifan"]
[Black "Terry, Sean"]
[Result "1-0"]
[WhiteElo "1907"]
[BlackElo "1931"]
[PlyCount "97"]
[EventDate "2018.11.18"]
[WhiteTeam "Fischer's Catch"]
[BlackTeam "Oxford 3"]

1. d4 Nf6 2. c4 Nc6 3. Nf3 e6 4. a3 d5 5. Nc3 Be7 6. Bf4 a6 7. e3 O-O 8. cxd5
Nxd5 9. Nxd5 exd5 10. Bd3 Bg4 11. Qc2 h6 12. Nd2 Bd6 13. Bg3 Qe7 14. Nb3 Rac8
15. Bxd6 cxd6 $11 16. Qd2 f5 17. O-O Qf6 18. f4 Rce8 19. Rac1 g5 20. Bxa6 Qe7
21. Rfe1 bxa6 22. Rxc6 gxf4 23. Qa5 Rf6 24. Qxd5+ Kg7 25. Qa5 Qe4 26. Rc7+ Kg6
27. Nd2 Qa8 28. Nc4 fxe3 29. Rxe3 Rxe3 30. Nxe3 Qe4 31. Qd2 Bh5 32. h3 Re6 33.
Nf1 f4 34. d5 Re5 35. Rc6 Rxd5 36. Rxd6+ Rxd6 37. Qxd6+ Kg7 38. Qxa6 Qd4+ 39.
Kh2 Qe5 40. Qb7+ Kf6 41. Qb6+ Kg5 42. Qf2 Bf7 43. g3 f3 44. Qe3+ Kf6 45. Qxh6+
Kf5 46. Qd2 Kg6 47. Qd3+ Kg7 48. Qc3 Kf6 49. Kg1 1-0

[Event "4NCL Division 4 South"]
[Site "Daventry, ENG"]
[Date "2018.11.18"]
[Round "2.74"]
[White "Foster, Timothy"]
[Black "Chong, Kimberly"]
[Result "1-0"]
[WhiteElo "1855"]
[BlackElo "1738"]
[PlyCount "55"]
[EventDate "2018.11.18"]
[WhiteTeam "Oxford 3"]
[BlackTeam "Fischer's Catch"]

1. Nf3 d5 2. g3 e6 3. Bg2 Nf6 4. O-O Be7 5. c4 c6 6. b3 O-O 7. d3 Nbd7 8. Bb2
b6 9. Nbd2 Bb7 10. Rc1 Rc8 11. Qc2 a6 12. Qb1 c5 13. e3 Qc7 14. cxd5 exd5 15.
Qa1 Bd6 16. d4 Qb8 17. dxc5 Rxc5 18. Bh3 Rxc1 19. Rxc1 d4 20. Nxd4 Nc5 21. Nf5
Nd3 22. Bxf6 Nxc1 23. Bxg7 f6 24. Bxf8 Ne2+ 25. Kf1 Bc5 26. Qd1 Nc3 27. Qg4+
Kxf8 28. Qg7+ 1-0

[Event "4NCL Division 4 South"]
[Site "Daventry, ENG"]
[Date "2018.11.18"]
[Round "2.75"]
[White "Roper, Paul"]
[Black "Rudny, Tomasz"]
[Result "1/2-1/2"]
[WhiteElo "1624"]
[BlackElo "1922"]
[PlyCount "36"]
[EventDate "2018.11.18"]
[WhiteTeam "Fischer's Catch"]
[BlackTeam "Oxford 3"]

1. e4 e5 2. Nf3 Nc6 3. d4 exd4 4. Bc4 Nf6 5. O-O Nxe4 6. Re1 d5 7. Nc3 dxc4 8.
Rxe4+ Be7 9. Nxd4 Nxd4 10. Rxd4 Bd6 11. Nb5 O-O 12. Bf4 Qf6 13. Nxd6 cxd6 14.
Bxd6 Re8 15. Rxc4 Qxb2 16. a4 Bf5 17. Rb4 Qxc2 18. Qxc2 Bxc2 1/2-1/2

[Event "4NCL Division 4 South"]
[Site "Daventry, ENG"]
[Date "2018.11.18"]
[Round "2.76"]
[White "Cole, Graham"]
[Black "Fraser, Susanna"]
[Result "1-0"]
[WhiteElo "1842"]
[BlackElo "1576"]
[PlyCount "117"]
[EventDate "2018.11.18"]
[WhiteTeam "Oxford 3"]
[BlackTeam "Fischer's Catch"]

1. e4 e5 2. Nf3 Nc6 3. Bc4 Bc5 4. b4 Bxb4 5. c3 Ba5 6. d4 exd4 7. Qb3 Qe7 8.
O-O d6 9. cxd4 Nf6 10. d5 Ne5 11. Nxe5 Qxe5 12. Bb2 Qxe4 13. Qb5+ Nd7 14. Qxa5
Qxc4 15. Re1+ Kf8 16. Rc1 Qe2 17. Qxc7 f6 18. Qxd6+ Kf7 19. Qa3 Ne5 20. Rc7+
Kg6 21. Nc3 Qg4 22. Nd1 Re8 23. Bxe5 Rxe5 24. Ne3 Qf4 25. Qf8 Bd7 26. Qxa8 Rxe3
27. Rxd7 Qe5 28. Rf1 Re1 29. g3 Qe2 30. Rxg7+ Kxg7 31. Qxb7+ Kh6 32. Rxe1 Qxe1+
33. Kg2 Qe4+ 34. Kf1 Qd3+ 35. Ke1 Qc3+ 36. Ke2 Qc2+ 37. Ke3 Qc3+ 38. Ke4 Qc2+
39. Kd4 Qd2+ 40. Kc5 Qc3+ 41. Kd6 Qe5+ 42. Kc6 Qd4 43. d6 Qc4+ 44. Kd7 Qf7+ 45.
Kc8 Qg8+ 46. Kc7 Qxa2 47. d7 Qa5+ 48. Kc8 Qc5+ 49. Qc7 Qf5 50. Qf4+ Qxf4 51.
gxf4 Kg6 52. d8=Q Kf5 53. Qd3+ Kxf4 54. Qxh7 a5 55. Qc7+ Kg4 56. Qxa5 f5 57.
Qc3 f4 58. h3+ Kg5 59. Qe5+ 1-0

[Event "4NCL Division 4 South"]
[Site "Daventry, ENG"]
[Date "2018.11.18"]
[Round "2.81"]
[White "Ireland, David J"]
[Black "Clark, Matthew D H"]
[Result "1-0"]
[WhiteElo "1997"]
[BlackElo "1900"]
[PlyCount "57"]
[EventDate "2018.11.18"]
[WhiteTeam "Throw in the Tal"]
[BlackTeam "Shropshire 3"]

1. e4 c5 2. Nc3 Nc6 3. f4 g6 4. Nf3 Bg7 5. Bb5 Nd4 6. O-O a6 7. Bd3 e6 8. e5 d6
9. Ne4 dxe5 10. fxe5 Nh6 11. Nd6+ Ke7 12. Nxd4 Bxe5 13. Nxc8+ Rxc8 14. Nf3 Bd4+
15. Nxd4 Qxd4+ 16. Kh1 c4 17. Be2 Nf5 18. d3 Rcd8 19. dxc4 Qc5 20. Bd3 h5 21.
Qf3 h4 22. Bxf5 gxf5 23. Bg5+ f6 24. Qxb7+ Rd7 25. Bxf6+ Kxf6 26. Qxd7 h3 27.
Rg1 Qxc4 28. Rad1 hxg2+ 29. Rxg2 1-0

[Event "4NCL Division 4 South"]
[Site "Daventry, ENG"]
[Date "2018.11.18"]
[Round "2.82"]
[White "Bowcott-Terry, Finlay"]
[Black "Pink, Joshua"]
[Result "0-1"]
[WhiteElo "1922"]
[BlackElo "1982"]
[PlyCount "86"]
[EventDate "2018.11.18"]
[WhiteTeam "Shropshire 3"]
[BlackTeam "Throw in the Tal"]

1. e4 d6 2. d4 f5 3. exf5 Bxf5 4. Bd3 Qd7 5. Nf3 Nf6 6. O-O g6 7. c4 c6 8. Re1
Na6 9. a3 Bg7 10. Nc3 Bg4 11. h3 Bh5 12. Qe2 O-O 13. Qe3 Bxf3 14. Qxf3 Nd5 15.
Qe4 Nxc3 16. bxc3 e5 17. d5 Nc5 18. Qe3 Bh6 19. Qe2 Bxc1 20. Raxc1 cxd5 21.
cxd5 Nxd3 22. Qxd3 Qf5 23. Qe2 Rac8 24. f3 Rc5 25. Red1 Rfc8 26. Qb2 b6 27. Qb4
Qf4 28. Qxf4 exf4 29. Rd3 Ra5 30. Re1 Rxa3 31. Re6 Raxc3 32. Rd4 R3c4 33. Rde4
Rxe4 34. fxe4 Rd8 35. Re7 a5 36. Rb7 a4 37. Rxb6 Ra8 38. Rb2 a3 39. Ra2 Kf7 40.
Kf2 Kf6 41. Ke2 Ke5 42. Kd3 Ra4 43. h4 h5 0-1

[Event "4NCL Division 4 South"]
[Site "Daventry, ENG"]
[Date "2018.11.18"]
[Round "2.83"]
[White "Davidson, Laura"]
[Black "Kolbusz, George"]
[Result "1/2-1/2"]
[WhiteElo "1817"]
[BlackElo "1832"]
[PlyCount "66"]
[EventDate "2018.11.18"]
[WhiteTeam "Throw in the Tal"]
[BlackTeam "Shropshire 3"]

1. d4 g6 2. Nf3 Bg7 3. e4 d6 4. h3 Nd7 5. Nc3 a6 6. a4 e6 7. Bd3 Ne7 8. Be3 b6
9. Qd2 h6 10. Nh2 Bb7 11. f4 c5 12. Nf3 Qc7 13. Qf2 c4 14. Be2 f5 15. e5 d5 16.
Nh4 O-O-O 17. Nf3 Rdg8 18. Rc1 Bc6 19. b3 b5 20. axb5 axb5 21. bxc4 bxc4 22.
O-O Nb6 23. Rb1 Kd7 24. Nb5 Bxb5 25. Rxb5 Rb8 26. Qe1 Nc6 27. Qa1 Ra8 28. Qb1
Rab8 29. Rd1 Na4 30. Rxb8 Qxb8 31. Bd2 Bf8 32. Rc1 Ba3 33. Qxb8 Nxb8 1/2-1/2

[Event "4NCL Division 4 South"]
[Site "Daventry, ENG"]
[Date "2018.11.18"]
[Round "2.84"]
[White "Bowcott, Dustin"]
[Black "Price, Andrew"]
[Result "1/2-1/2"]
[WhiteElo "1840"]
[BlackElo "1810"]
[PlyCount "45"]
[EventDate "2018.11.18"]
[WhiteTeam "Shropshire 3"]
[BlackTeam "Throw in the Tal"]

1. d4 e6 2. Bf4 f5 3. Nf3 Be7 4. e3 b6 5. Bc4 Nf6 6. Nbd2 d5 7. Bb5+ c6 8. Bxb8
cxb5 9. Bf4 O-O 10. Ne5 Bd7 11. h4 Be8 12. Ndf3 Bh5 13. Nc6 Qe8 14. Nxe7+ Qxe7
15. Qe2 Bxf3 16. gxf3 Qb4+ 17. c3 Qc4 18. Qxc4 bxc4 19. Ke2 g6 20. Rag1 Kf7 21.
Be5 Nh5 22. Rg5 Rg8 23. Rhg1 1/2-1/2

[Event "4NCL Division 4 South"]
[Site "Daventry, ENG"]
[Date "2018.11.18"]
[Round "2.85"]
[White "Graff, Ben"]
[Black "Ross, Stuart"]
[Result "1-0"]
[WhiteElo "1825"]
[BlackElo "1712"]
[PlyCount "33"]
[EventDate "2018.11.18"]
[WhiteTeam "Throw in the Tal"]
[BlackTeam "Shropshire 3"]

1. d4 Nf6 2. Bf4 e6 3. e3 c5 4. c3 Nc6 5. Nd2 d5 6. Ngf3 Bd6 7. Bg3 O-O 8. Bd3
b6 9. e4 dxe4 10. Nxe4 Bxg3 11. hxg3 cxd4 12. Nxf6+ gxf6 13. Bxh7+ Kg7 14. Qd2
Re8 15. Qh6+ Kh8 16. Bg8+ Kxg8 17. Qh8# 1-0

[Event "4NCL Division 4 South"]
[Site "Daventry, ENG"]
[Date "2018.11.18"]
[Round "2.86"]
[White "Bowcott-Terry, Silas"]
[Black "Woolgar, Steven G"]
[Result "0-1"]
[WhiteElo "1442"]
[BlackElo "1727"]
[PlyCount "104"]
[EventDate "2018.11.18"]
[WhiteTeam "Shropshire 3"]
[BlackTeam "Throw in the Tal"]

1. d4 Nf6 2. Bf4 d5 3. e3 c6 4. c3 g6 5. Bd3 Bg7 6. Nd2 O-O 7. Ngf3 Bg4 8. h3
Bxf3 9. Nxf3 Nbd7 10. Ne5 Nxe5 11. Bxe5 Nd7 12. Bxg7 Kxg7 13. h4 h6 14. g4 e5
15. Qe2 exd4 16. cxd4 Qa5+ 17. Qd2 Qxd2+ 18. Kxd2 Nf6 19. g5 $11 hxg5 20. hxg5
Ne4+ 21. Bxe4 dxe4 22. Kc3 Rh8 23. Kc4 Rad8 24. Kc5 Rd5+ 25. Kc4 Rxg5 26. Rxh8
Kxh8 27. a4 Kg7 28. b4 a6 29. Rb1 b5+ 30. axb5 cxb5+ 31. Kc3 Rd5 32. Rh1 f5 33.
Ra1 Rd6 34. Rh1 Rc6+ 35. Kb3 g5 36. Rh5 Kg6 37. Rh1 g4 38. Rd1 Rd6 39. Rd2 Kg5
40. Rd1 f4 41. Rg1 fxe3 42. fxe3 Kh4 43. Kc3 g3 44. Kd2 Kg4 45. Ke2 Rf6 46. Rf1
Rf3 47. d5 g2 48. Rg1 Kg3 49. d6 Rf8 50. d7 Rd8 51. Rd1 Kh2 52. Kf2 Rxd7 0-1

[Event "4NCL Division 4 South"]
[Site "Daventry, ENG"]
[Date "2018.11.18"]
[Round "2.91"]
[White "Duncan, Patrick C M"]
[Black "Michaud, Gerald"]
[Result "1-0"]
[WhiteElo "2024"]
[BlackElo "1900"]
[PlyCount "121"]
[EventDate "2018.11.18"]
[WhiteTeam "Check Innmates 2"]
[BlackTeam "Sussex Martlets 3"]

1. b3 c5 2. Bb2 Nc6 3. Nf3 d6 4. d4 cxd4 5. Nxd4 Nf6 6. g3 e5 7. Nxc6 bxc6 8.
Bg2 Qc7 9. c4 Be7 10. O-O O-O 11. Nc3 Rb8 12. Rc1 Bf5 13. Qd2 h6 14. Rfd1 Rfd8
15. Qe3 Be6 16. Na4 Nd7 17. Qe4 Rdc8 18. Rc2 a6 19. Qf3 Nf6 20. Qc3 c5 21. Qe3
Bd7 22. Nc3 Bc6 23. Bxc6 Qxc6 24. Bc1 Qd7 25. Kg2 Qf5 26. Rb2 Bf8 27. Qf3 Qe6
$11 28. h3 Kh7 29. Bd2 Qe8 30. Qf5+ Kg8 31. Bxh6 Qe6 32. Qxe6 fxe6 33. Bg5 Nh7
34. Bd2 Nf6 35. Be1 Rd8 36. Rbd2 Be7 37. Kf3 Kf7 38. Ne4 Nxe4 39. Kxe4 Ke8 40.
Rd3 Kd7 41. h4 Kc6 42. Ba5 Rf8 43. f3 g6 44. Rh1 Rb7 45. Bd2 Rd7 46. Bg5 Bxg5
47. hxg5 Rf5 48. f4 d5+ 49. Ke3 exf4+ 50. gxf4 Rdf7 51. cxd5+ exd5 52. Rh6 d4+
53. Kd2 Rxf4 54. Rxg6+ Kb5 55. a4+ Ka5 56. Rc6 R7f5 57. Rg3 Rf2 58. g6 Re5 59.
g7 Rexe2+ 60. Kd3 Rd2+ 61. Kc4 1-0